The Myth of too big to fail (Record no. 51860)

MARC details
000 -LEADER
fixed length control field 00623nam a2200145 a 4500
008 - FIXED-LENGTH DATA ELEMENTS--GENERAL INFORMATION
fixed length control field 211208s2010 ||||||||||||||||| || u
020 ## - INTERNATIONAL STANDARD BOOK NUMBER
International Standard Book Number 9781349325672
050 ## - LIBRARY OF CONGRESS CALL NUMBER
Classification number HG 181 Moo
100 ## - MAIN ENTRY--PERSONAL NAME
Personal name Moosa, Imad A
245 14 - TITLE STATEMENT
Title The Myth of too big to fail
Statement of responsibility, etc. By Imad A. Moosa
260 ## - PUBLICATION, DISTRIBUTION, ETC.
Place of publication, distribution, etc. United Kingdom
Name of publisher, distributor, etc. Palgrave Macmillan
Date of publication, distribution, etc. 2010
300 ## - PHYSICAL DESCRIPTION
Extent xvi, 223 pages: illustrations
650 ## - SUBJECT ADDED ENTRY--TOPICAL TERM
Topical term or geographic name entry element FINANCIAL INSTITUTIONS--GOVERNMANT POLICY--UNITED STATES--HISTORY--21ST CENTURY
995 ## - RECOMMENDATION 995 [LOCAL, UNIMARC FRANCE]
-- CBU-MAIN LIBRARY (Kitwe)
-- 116.42
-- 1
-- AVAILABLE
-- Dec 8, 2021
-- Main Library Open Access Collection
Holdings
Withdrawn status Lost status Source of classification or shelving scheme Damaged status Not for loan Home library Current library Shelving location Date acquired Total Checkouts Full call number Barcode Date last seen Price effective from Koha item type
          CBU-MAIN LIBRARY, KITWE. CBU-MAIN LIBRARY, KITWE.   11/30/2022   HG 181 Moo 751415 11/30/2022 11/30/2022 MONOGRAPH